000 00286nam a2200109Ia 4500
001 1275918
005 20260417160437.0
008 260417s9999 xx 000 0 und d
020 _a9786256792708
245 0 _aİbn Haldun ile Çölde Bir Seyahat
_cÖzkan Öze
260 _bKetebe Çocuk
999 _c1275918
_d1275918